000 00842nam a2200253Ia 4500
003 OSt
005 20221005112529.0
006 a|||||r|||| 00| 0
007 ta
008 221004b |||||||| |||| 00| 0 pan d
020 _a9789350178492 (hbk)
_c150
024 _a11369
037 _b823, 13/03/2014, H.K. Prakashan
_cTextual
040 _aCRL
_cCRL
_bpan
041 _2pan
_apan
082 _aO153,1NDOx, Q2
100 _aਡੋਗਰਾ, ਅਮਰੀਕ
245 0 _aਝਾਂਜਰ ਵੀ ਗ਼ੰਜੀਰ ਵੀ
260 _aਚੰਡੀਗੜ
_bਲੋਕਗੀਤ ਭਾਰਤ
_c2012
300 _a95ਪੰ
_ccm.
650 _aਪੰਜਾਬੀ ਸਾਹਿਤ
942 _hO153,1NDOx, Q2
_cTEXL
_2cc
999 _c1025176
_d1025176